000 00539nam a2200181Ia 4500
999 _c21769
_d21769
003 OSt
005 20201023124810.0
008 190216s9999||||xx |||||||||||||| ||und||
020 _a9788125044901
040 _coclc
082 _a958.1047
_bBIR/A
100 _aBird, Tim
_96090
245 0 _aAfghanistan How The West Lost Its Way /
_cTim Bird ; Alex Marshall
260 _bOrient Blackswan,
_c2012.
_aHyderabad:
300 _a303p
650 _aWorld History
942 _cBK
_2ddc
_h958.1047
_iBIR/A
_k958.1047
_mBIR/A